| 000 | 00668nam a2200193Ii 4500 | ||
|---|---|---|---|
| 003 | JO-AjNU | ||
| 008 | 230605s9999||||xx |||||||||||||| ||und|| | ||
| 040 |
_aJO-AjNU _bara _erda _cJO-AjNU |
||
| 041 | _aara | ||
| 050 | 1 | 4 | _aKRM2450.T3548.1977 |
| 100 | 3 |
_aالطماوي، سليمان محمد سليمان, _eauthor _931290 |
|
| 245 | 0 | 0 | _aمبادئ القانون الإداري " دراسة مقارنة " |
| 264 | 3 | 1 | _aالقاهرة : دار الفكر العربى ، 1977 |
| 300 | _a487ص | ||
| 336 |
_atext _btxt _2rdacontent |
||
| 337 |
_aunmediated _bn _2rdamedia |
||
| 338 |
_avolume _bnc _2rdacarrier |
||
| 650 | 4 |
_aالقانون الاداري _931291 |
|
| 999 |
_aA12501 _c16069 _d16069 |
||